| 000 | 003600000a22001570004500 | ||
|---|---|---|---|
| 003 | LK-CoMWRAF | ||
| 008 | 230817t ||||| |||| 00| 0 eng d | ||
| 040 |
_aLK-CoMWRAF _dLK-CoMWRAF _eLK-CoMWRAF |
||
| 041 | _aeng | ||
| 082 |
_a800 _bEMB |
||
| 245 |
_aEmbroidery _b |
||
| 260 |
_bDhingra _aIndia _c |
||
| 490 | _a04 | ||
| 650 | _aTraining Materials | ||
| 942 | _cBK | ||
| 999 |
_c1287 _d1287 |
||